000 00777cam a22001814a 4500
005 20250605164400.0
008 250528s ||||||||||||||||||||||||d
035 _a24559
040 _aGR-AtMCL
_bgre
_dGR-AtMCL
_eAACR2
245 1 _aΚεφάλαια Γεωλογίας Μηχανικού II / Βοήθημα για την Θεωρία
260 _aΑθήνα
_bΕ.Μ. Πολυτεχνείο,
_c1993
300 _a172
520 _aΠρόλογος, Ορυκτά, Εδάφη, Πετρώματα, Γεωλογικές Δομές, Σεισμοί, Καθιζήσεις, Ευστάθεια Κλιτύων και Κατολισθήσεις, Υπόγεια Νερά.
700 1 _aΜαρίνος Παύλος Γ
_96545
942 _cBK
999 _c9433
_d9433